| 000 | 00394nam a2200169Ia 4500 | ||
|---|---|---|---|
| 008 | 210210b1915 xxu||||| |||| 00| 0 eng d | ||
| 041 | _aeng | ||
| 082 | _a828/170 | ||
| 100 | _aCRUSE (Amy) | ||
| 245 | _aSir Walter Scott | ||
| 260 |
_aLondon _bGeorge G Harrap and Company Limited _c1915 |
||
| 650 | _aWalter | ||
| 650 | _aSir | ||
| 650 | _aScott | ||
| 690 | _aBiography | ||
| 906 | _a016016 | ||
| 999 |
_c135406 _d135406 |
||